000 nam a22 7a 4500
999 _c8920
_d8920
008 180120b ||||| |||| 00| 0 eng d
100 _aSharma S. N
_95234
245 _aLab Manual Mathematics
260 _aNew Delhi
_bGoyal Brothers
_c2009